000 00878nam a2200193 a 4500
003 0
005 20250528115209.0
008 021122s19uu xx 00 eng d
050 _aPHS RD 119
_b.A23 2002
100 _aAbayon, Sharyld Luizel J.
245 _aA Comparative study between the perceptions of 4th year high school female students from Southville International School and System Technology Institute (STI) Academy regarding cosmetic surgery /
_cSharyld Luizel J. Abayon.
260 _aLas PiƱas City, Philippines :
_bSouthville International School and Colleges,
_c2002.
300 _a25 pages :
_billustrations ;
_c28 cm.
504 _aIncludes bibliographical references.
650 _aCosmetic surgery
_xPsychological aspects.
650 _aBody image in adolescence
_zPhilippines.
650 _aCosmetic surgery
_xSocial aspects
_zPhilippines.
942 _2lcc
_cPASS
999 _c96671
_d96671